[Event "12th Agzamov Memorial 2018"]
[Site "Tashkent"]
[Date "2018.04.30"]
[Round "9"]
[White "Stupak, Kirill"]
[Black "Papin, Vasily"]
[Result "1-0"]
[WhiteElo "2556"]
[BlackElo "2475"]
[Annotator "TA"]
[PlyCount "69"]
[EventDate "2018.??.??"]
[EventType "swiss"]
[EventCountry "UZB"]
[SourceTitle "playchess.com"]
[Source "ChessBase"]
[SourceQuality "1"]

{[%evp 17,69,5,15,7,18,18,45,42,60,51,75,68,75,66,73,68,72,71,116,85,133,105,145,143,193,149,151,135,314,331,334,137,738,260,358,79,102,98,162,154,293,148,132,147,226,131,142,164,163,170,616,620,1043,1020]} 1. g3 d5 2. Nf3 Nf6 3. Bg2 e6 4. O-O b5 5. d3 Be7 6. c4 c6 7. b3 O-O 8. Bb2 a5 {A14: English Opening: 1...e6 with b3 by White} 9. Qc2 Bb7 {LiveBook: 3 Games} 10. c5 $146 ({Predecessor:} 10. Nc3 a4 11. cxd5 exd5 12. bxa4 b4 13. Nd1 Qa5 14. Ne3 Qxa4 15. Qc1 Bc8 16. Nd4 {1-0 (27) Flores,D (2567)-Kovalyov,A (2643) Medellin 2017}) 10... Nbd7 {The position is equal.} 11. d4 $1 Qb8 12. Nbd2 Rd8 13. Rfe1 Bf8 14. e4 Nxe4 15. Nxe4 dxe4 16. Rxe4 Be7 17. Rae1 Nf8 18. Bc1 Qa7 19. a4 bxa4 20. bxa4 Bf6 21. Bf4 Ng6 22. Bd6 Be7 $2 (22... Ba6 $16 {keeps fighting.}) 23. Bxe7 $18 Nxe7 24. Ne5 (24. Ng5 $18 {is more deadly.} Ng6 25. Rh4) 24... Rab8 $2 {[%mdl 8192] [#]} (24... Rf8 $16 25. Rb1 Rad8) 25. Bh3 $2 (25. Nxf7 $1 {[%mdl 512]} Kxf7 26. Rxe6) 25... Bc8 {[#]} 26. Rf4 $2 (26. Nxf7 $1 $18 {[%mdl 512] and the rest is easy.} Kxf7 27. Rxe6 (27. Bxe6+ Bxe6 28. Rxe6 Ng6 $14) 27... Bxe6 28. Bxe6+ Kf6 29. Qe4) 26... f6 27. Nc4 {[%cal Be5c4,Bc4b6,Bb6d7,Bd7f6][%mdl 32]} Ng6 (27... e5 $16 28. Bxc8 (28. dxe5 Bxh3 29. exf6 gxf6 $17) 28... exf4 29. Be6+ Kh8) 28. Rfe4 $36 {[%mdl 2048] Keeping Black busy.} f5 {[#]} (28... e5 $16 {might work better.} 29. Bxc8 Rdxc8) 29. R4e2 (29. Bxf5 $1 $18 {[%mdl 512]} exf5 30. Re8+ Rxe8 31. Rxe8+ Nf8 32. Ne5) 29... Rxd4 $16 30. Nb6 {And now Bxf5! would win.} Nf8 {[#]} (30... e5 $16) 31. Rd2 (31. Bxf5 $1 $18 {[%mdl 512]} Qc7 (31... exf5 32. Re7) 32. Re4) 31... Rxd2 32. Qxd2 Bd7 33. Qd6 h6 $2 (33... Rb7 34. Rd1 Be8) 34. Nxd7 $18 Rd8 {[#]} 35. Nf6+ $1 {[%mdl 512] Precision: White = 44%, Black =  6%.} 1-0

[Event "12th Agzamov Memorial 2018"]
[Site "Tashkent"]
[Date "2018.04.30"]
[Round "9"]
[White "Levin, Evgeny A"]
[Black "Abdisalimov, Abdimalik"]
[Result "1-0"]
[WhiteElo "2543"]
[BlackElo "2341"]
[Annotator "TA"]
[PlyCount "71"]
[EventDate "2018.??.??"]
[EventType "swiss"]
[EventCountry "UZB"]
[SourceTitle "playchess.com"]
[Source "ChessBase"]
[SourceQuality "1"]

{[%evp 29,71,58,66,27,72,72,68,68,85,83,81,71,163,162,162,175,169,159,215,210,208,229,286,151,168,163,118,135,237,186,441,445,488,477,454,475,572,565,553,535,735,749,914,912]} 1. d4 Nf6 2. c4 e6 3. Nf3 c5 4. d5 exd5 5. cxd5 d6 6. Nc3 g6 7. e4 Bg7 8. Nd2 O-O 9. Be2 Re8 10. O-O Na6 11. Kh1 {A78: Modern Benoni: Classical: 9...Re8 10 Nd2 Na6} Nc7 12. a4 (12. f3 Nd7 13. a4 b6 14. Nc4 Ne5 15. Bf4 Nxc4 16. Bxc4 a6 17. Qe1 h5 18. h4 Rb8 19. Qg3 Bf8 20. Rfe1 b5 21. e5 dxe5 22. Rxe5 {1-0 (46) Eljanov,P (2739)-Salem,A (2638) Geneva 2017}) 12... a6 13. f3 Rb8 14. a5 Bd7 15. Nc4 Bb5 {LiveBook: 3 Games} 16. Ra2 $146 ({Predecessor:} 16. Bg5 Bxc4 17. Bxc4 b5 18. axb6 Rxb6 19. Qc2 Qb8 20. Na4 {½-½ (42) Debashis,D (2478)-Colijn,S (2293) Hoogeveen 2016}) 16... Nh5 17. g4 Bxc4 18. Bxc4 Nf6 19. Bf4 Bf8 20. Bg5 Be7 (20... b6 $16) 21. e5 $18 Nd7 22. Bxe7 $1 Qxe7 {[#]} 23. f4 $1 {[%cal Bf3f4,Bf4f5][%mdl 32]} Qh4 (23... Rf8 $16 24. g5 Qd8) 24. b3 ({Don't take} 24. exd6 $6 Na8 $16) 24... dxe5 {[#]} 25. f5 $1 {Threatens to win with d6.} Nb5 26. Ne4 (26. Nxb5 $18 axb5 27. fxg6 (27. Bxb5 Red8 $16) 27... hxg6 28. Bxb5) 26... g5 27. Bxb5 axb5 28. f6 c4 (28... Red8 $16 {was called for.}) 29. Rg2 Rbc8 $2 (29... Qh6) 30. Nd6 {White is clearly winning.} Qh6 31. Nxe8 Rxe8 32. bxc4 bxc4 33. Qa4 $1 {[%csl LRc4,LRd7]} Rd8 34. Qxc4 Nxf6 35. Qc7 Rxd5 36. Rgf2 {Precision: White = 91%, Black = 43%.} 1-0

[Event "12th Agzamov Memorial 2018"]
[Site "Tashkent"]
[Date "2018.04.30"]
[Round "9"]
[White "Pourramezanali, Amirreza"]
[Black "Malakhatko, Vadim"]
[Result "1-0"]
[WhiteElo "2536"]
[BlackElo "2516"]
[Annotator "TA"]
[PlyCount "95"]
[EventDate "2018.??.??"]
[EventType "swiss"]
[EventCountry "UZB"]
[SourceTitle "playchess.com"]
[Source "ChessBase"]
[SourceQuality "1"]

{[%evp 22,95,39,32,56,64,66,66,78,86,101,102,104,102,115,85,83,83,82,75,86,95,106,90,71,0,45,48,123,119,93,88,96,110,231,225,309,310,320,306,309,309,309,308,346,344,337,304,443,351,348,341,339,342,441,382,452,433,568,540,492,466,459,459,711,715,683,443,443,460,464,463,708,387,603,357]} 1. e4 e6 2. d4 d5 3. e5 c5 4. c3 Qb6 5. Nf3 Nc6 6. a3 Nh6 7. b4 cxd4 8. Bxh6 gxh6 9. cxd4 Bd7 10. Ra2 {C02: French: Advance Variation} Rc8 (10... Rg8 11. h3 h5 12. g3 h4 13. g4 Be7 14. Be2 f6 15. b5 Nd8 16. Qd3 Rg7 17. Nc3 Nf7 {0-1 (38) Shirov,A (2684)-Nakamura,H (2787) Zuerich 2016}) 11. Rc2 Bg7 12. Nc3 {[%cal Bb1c3,Bc3a4,Ba4c5][%mdl 32] LiveBook: 4 Games. White is slightly better.} O-O 13. Na4 $1 {[%cal Ra4b6]} Qd8 {[#] Hoping for ...Nxd4!} 14. Nc5 Rc7 15. Bd3 $146 ({Predecessor:} 15. b5 Ne7 16. a4 Ng6 17. h4 Qe7 {½-½ (34) Barria Zuniga,D (2351)-Fernandez Romero,E (2425) Seville 2004}) 15... a6 16. O-O f6 17. exf6 Qxf6 18. Re1 Bc8 19. Nb3 Qf4 20. Qc1 Qxc1 21. Rexc1 h5 22. Rc3 Bd7 23. Ne5 ({Better is} 23. Na5 $16) 23... Bxe5 24. dxe5 Be8 (24... Rcc8 $14) 25. Nd4 $1 $16 {[%cal Rd4e6]} Re7 26. Nxc6 Bxc6 {[#]} 27. Bxa6 $1 {[%mdl 512]} Rf5 (27... Ref7 $16) (27... bxa6 28. Rg3+) 28. Bd3 $18 d4 29. Bxf5 dxc3 {[%mdl 4096] Endgame KRB-KRB} 30. Bd3 ({Not} 30. Bh3 Kf7 $18) 30... Rd7 31. Rxc3 Be4 32. Bf1 Rd2 33. f3 Bd5 34. Bc4 Kf7 (34... Bxc4 $142 35. Rxc4 Ra2 36. Rc8+ Kg7 37. Rc7+ Kg6 38. Rxb7 Rxa3) 35. Bxd5 exd5 {KR-KR} 36. Rc7+ Ke6 37. Rxb7 Kxe5 38. b5 {[%cal Bb4b5,Bb5b6,Bb6b7][%mdl 32]} Ra2 39. b6 Rxa3 40. Rxh7 Rb3 41. b7 Kf4 42. Rd7 Rb1+ (42... Ke5 $142 43. Kf2 h4) 43. Kf2 Rb2+ 44. Kf1 Ke3 {[%cal Rb2b1]} 45. Re7+ Kf4 46. Ke1 h4 (46... d4 $142 47. Kd1 h4) 47. h3 Kg3 (47... Kf5 $142 48. Kd1 Kf6) 48. Kd1 {Precision: White = 83%, Black = 28%.} 1-0

[Event "12th Agzamov Memorial 2018"]
[Site "Tashkent"]
[Date "2018.04.30"]
[Round "9"]
[White "Yakubboev, Nodirbek"]
[Black "Hamitevici, Vladimir"]
[Result "1-0"]
[WhiteElo "2482"]
[BlackElo "2508"]
[Annotator "TA"]
[PlyCount "165"]
[EventDate "2018.??.??"]
[EventType "swiss"]
[EventCountry "UZB"]
[SourceTitle "playchess.com"]
[Source "ChessBase"]
[SourceQuality "1"]

{[%evp 13,165,-5,-4,-21,0,0,0,7,29,27,27,27,28,21,15,20,29,6,37,29,52,25,20,13,15,15,58,33,58,55,72,68,68,68,67,56,96,67,67,62,63,60,108,87,119,71,92,70,73,39,62,54,135,121,141,135,134,98,98,92,92,89,97,92,103,99,104,90,129,84,88,91,93,95,89,117,188,194,243,231,235,216,227,218,279,249,255,278,270,276,539,539,410,395,539,530,519,510,596,537,568,566,564,0,304,0,547,513,498,473,505,490,405,371,1334,1405,1340,1316,1104,1052,1418,1378,1329,1264,1193,952,29962,29967,29965,29968,29967,29968,29955,11105,11105,9690,5376,5410,5435,4694,29974,29975,29977,29980,29978,29978,29964,6237,6237,5716,5712,5671,5829,5829]} 1. d4 Nf6 2. c4 e6 3. g3 c5 4. Nf3 cxd4 5. Nxd4 Qc7 6. b3 Bb4+ {A32: Symmetrical English: 2 Nf3 Nf6 3 d4 cxd4 4 Nxd4 e6} 7. Bd2 Bc5 {LiveBook: 42 Games} 8. Bc3 (8. e3 Nc6 9. Bc3 d5 10. Nxc6 bxc6 11. Bg2 Be7 12. O-O O-O 13. Nd2 a5 14. Rc1 {½-½ (52) Vallejo Pons,F (2711)-Zhigalko,S (2671) Doha 2016}) 8... Ne4 {aiming for ...e5.The position is equal.} 9. Bg2 Nxc3 10. Nxc3 Qe5 11. e3 Nc6 {[%cal Rc5d4]} 12. Nde2 b6 13. Qd2 $146 ({Predecessor:} 13. O-O Bb7 14. Ne4 {0-1 (45) Meins,G (2415)-Van den Doel,E (2607) Germany 2002}) 13... Bb7 14. O-O Rd8 15. Rfd1 Na5 16. Bxb7 Nxb7 17. Nd4 O-O 18. Qc2 Rfe8 19. Nf3 Qh5 20. Kg2 Bd6 21. Rd4 Bb8 22. Rad1 d6 23. b4 $36 {[%mdl 2048] White has some pressure.} Rc8 24. Qa4 {Black must now prevent Qd7.} a5 25. a3 {And now Qd7 would win.} f6 26. Qb3 Nd8 27. Nb5 Nb7 28. Nd2 f5 29. Nf3 h6 30. h3 Qf7 31. Nd2 Kh8 32. Qd3 Qd7 (32... Rf8 $14) 33. e4 $1 $16 Qc6 34. Kg1 fxe4 35. Rxe4 d5 36. cxd5 exd5 37. Rxe8+ Rxe8 38. Nf3 axb4 39. axb4 Nd6 40. Nc3 b5 41. Nd4 Qc4 42. Qxc4 dxc4 43. Ndxb5 Nxb5 44. Nxb5 {[%mdl 4096] Endgame KRB-KRN} Rc8 (44... Kh7 $16 45. Nc3 Be5) 45. Rd5 $1 $18 c3 {[#]} 46. Nxc3 $1 {[%mdl 512]} Ba7 (46... Rxc3 47. Rd8+) 47. Nd1 Rc4 {[#]} 48. b5 $1 Bd4 49. Ne3 Rb4 50. Kg2 Bb6 51. h4 Rb2 $2 (51... g6 {might work better.} 52. h5 Bxe3) 52. Nc4 Rxf2+ 53. Kg1 Rf6+ 54. Nxb6 Rxb6 {KR-KR} 55. Kf2 Kg8 56. g4 Re6 57. Rd3 Rb6 58. Rd5 Re6 $1 59. Rd3 $2 (59. Kg3) 59... Rb6 $1 {[#]} 60. Rb3 $1 Kf7 61. Ke3 Ke7 62. h5 Kd7 63. Ke4 Re6+ $2 (63... Kd6 64. Rd3+ Kc7) 64. Kd5 Rd6+ 65. Kc5 Re6 66. Ra3 Kc8 67. Ra6 Re5+ 68. Kc6 {[%cal Ra6a8]} Kb8 69. Kd7 Rxb5 70. Ke7 Rb4 71. Rg6 Rf4 72. Rxg7 Kc7 73. Ke6+ (73. Rg6 $142 Re4+ 74. Kf7 Kd7 75. Kg7 Ke8 76. Kxh6 Kf7 77. g5 Re8 78. Kh7) 73... Kd8 74. Rg8+ Kc7 75. Ke5 Rf1 76. Rg6 Kd7 77. Rxh6 Ke7 78. Rh7+ Kf8 79. Rb7 Kg8 80. Ke4 (80. g5 $142 Rf3 81. h6 Rg3 82. Kf5 Rf3+ 83. Kg4 Ra3 84. Rg7+ Kh8 85. Re7) 80... Kh8 {White is clearly winning.} 81. Rb5 Kg7 82. Rf5 Re1+ 83. Kf4 {Precision: White = 74%, Black = 46%.} 1-0

[Event "12th Agzamov Memorial 2018"]
[Site "Tashkent"]
[Date "2018.04.30"]
[Round "9"]
[White "Khusenkhojaev, Muhammad"]
[Black "Saydaliev, Saidakbar"]
[Result "0-1"]
[WhiteElo "2456"]
[BlackElo "2361"]
[Annotator "TA"]
[PlyCount "74"]
[EventDate "2018.??.??"]
[EventType "swiss"]
[EventCountry "UZB"]
[SourceTitle "playchess.com"]
[Source "ChessBase"]
[SourceQuality "1"]

{[%evp 11,74,-8,-7,0,21,20,20,0,31,0,0,0,34,10,10,10,10,20,23,22,17,-17,-10,-19,0,-17,-14,-20,0,-6,-6,-13,-13,-42,-13,-13,0,-129,-129,-129,-129,-150,-147,-145,-148,-142,-135,-161,-161,-165,-161,-202,-228,-267,-267,-267,-267,-267,-267,-267,-267,-285,-270,-270,-270]} 1. c4 e5 2. d3 Nf6 3. Nf3 Nc6 4. a3 d5 (4... a5 5. e3 d5 6. cxd5 Nxd5 7. Be2 Be7 8. O-O O-O 9. Qc2 Be6 10. b3 f5 11. Bb2 Bf6 {0-1 (45) Grischuk,A (2782)-Caruana,F (2799) Saint Louis 2017}) 5. cxd5 Nxd5 6. e4 {A20: English Opening: 1...e5} Nb6 {LiveBook: 3 Games} 7. Be2 a5 8. O-O {The position is equal.} Be7 9. Be3 $146 ({Predecessor:} 9. b3 O-O 10. Bb2 Bf6 11. Nbd2 Re8 {0-1 (34) Wynn,Z (2400)-Hamdani,R (2363) Ho Chi Minh City 2003}) 9... O-O {[%cal Bh8f8,Bf8f7,Bf7d7,Bd7d6][%mdl 32]} 10. Nbd2 Be6 11. Rc1 f6 12. Nb3 a4 13. Nc5 Bxc5 $1 14. Rxc5 Rf7 15. Qc2 Rd7 16. Rxc6 bxc6 17. Qxc6 Rd6 18. Qc3 Bg4 19. Rd1 Nd7 20. h3 Bxf3 21. Bxf3 Kh8 22. Rc1 {[#]} c5 $1 {[%mdl 512]} 23. Bg4 (23. Bxc5 Rc6) 23... Qa5 24. Bxd7 (24. Qc4 $11) 24... Rxd7 $17 25. Bxc5 {[#]} Qd8 $1 26. Be3 Rxd3 27. Qc2 h6 28. Kh2 Qd7 29. Qc4 Rb8 30. Qa6 Kh7 31. Rc4 Rxb2 32. Qxa4 Qxa4 {Black has a decisive advantage.} 33. Rxa4 $19 {KRR-KRB} Ra2 34. Bc5 Rc3 35. Be3 Rcxa3 36. Rc4 Ra4 37. Rxa4 Rxa4 {Precision: White = 45%, Black = 69%.} 0-1

[Event "12th Agzamov Memorial 2018"]
[Site "Tashkent"]
[Date "2018.04.30"]
[Round "9"]
[White "Sindarov, Javokhir"]
[Black "Sivuk, Vitaly"]
[Result "1-0"]
[WhiteElo "2431"]
[BlackElo "2525"]
[Annotator "TA"]
[PlyCount "103"]
[EventDate "2018.??.??"]
[EventType "swiss"]
[EventCountry "UZB"]
[SourceTitle "playchess.com"]
[Source "ChessBase"]
[SourceQuality "1"]

{[%evp 19,103,-12,-13,-28,-14,-35,-38,-31,0,0,46,44,45,0,-35,-35,-27,-39,-20,-31,0,-65,0,0,41,21,100,91,138,137,214,214,182,187,237,233,391,393,389,377,504,175,188,91,126,121,145,145,145,145,145,145,165,156,276,278,283,277,477,477,474,466,459,469,452,452,410,344,372,304,278,233,425,420,380,289,485,359,804,794,910,910,894,884,883,822]} 1. e4 c5 2. Nc3 e6 3. Nf3 a6 4. g3 b5 5. d4 cxd4 6. Nxd4 Bb7 7. Bg2 Nf6 8. O-O b4 9. Na4 Bxe4 {B43: Sicilian: Kan Variation: 5 Nc3} 10. Bxe4 Nxe4 {LiveBook: 104 Games} 11. c4 {[%cal Bc2c4,Bc4c5][%mdl 32]} (11. Re1 d5 12. Qh5 Qf6 13. Be3 Nd7 14. f3 g6 15. Qg4 h5 16. Qh3 Nd6 17. Rad1 Be7 18. Nxe6 Qxe6 19. Qg2 Nf5 20. Bg5 Qc6 21. Bxe7 Nxe7 22. Qe2 O-O {0-1 (22) Jovanovic,Z (2534)-Andreikin,D (2737) Tallinn 2016}) 11... Nc5 {Black has an edge.} 12. a3 $146 ({Predecessor:} 12. Bf4 Nxa4 13. Qxa4 Bc5 14. Rad1 {½-½ (24) Feldmann,G (2024)-Skeels,J (2207) LSS email 2010}) 12... Nxa4 13. Qxa4 bxa3 14. b4 Qb6 15. c5 Qb7 $1 16. Be3 ({White should try} 16. Qxa3 $14 Be7 17. b5) 16... Be7 $15 17. Rxa3 O-O $1 18. Rfa1 h5 {[%cal Bh7h5,Bh5h4][%mdl 32]} 19. Qd1 h4 20. Qf1 (20. b5 $11) 20... Rc8 (20... hxg3 $15 21. hxg3 Qxb4) 21. Ra4 $11 Bf6 22. b5 {[%cal Bb4b5,Bb5a6,Ba6a7][%mdl 32]} Rxc5 (22... a5 $1 $11 {keeps the balance.}) 23. bxa6 $16 Qc8 24. a7 Nc6 (24... hxg3 $16 25. hxg3 (25. axb8=R gxh2+ 26. Kxh2 Qxb8+ 27. Kg1 Rxa4 $11) (25. axb8=Q gxf2+ 26. Qxf2 Rxb8 $14) (25. fxg3 Nc6 $14) 25... Nc6) 25. Nxc6 $1 $18 Rxc6 26. Rb1 d5 27. Rab4 $1 {[%cal Rb4b8]} ({Weaker is} 27. gxh4 d4 $15) 27... Be5 $2 (27... Qf8 28. Rb8 (28. gxh4 d4 $11) 28... Rc8) 28. Bf4 Bxf4 29. gxf4 Qd8 30. Rb7 $2 (30. Rb8 Rc8 31. Rxa8 Rxa8 32. Rb7 Rxa7 33. Rxa7) 30... Rcc8 31. Qa6 (31. Rc1 $1 $18 {[%cal Rc1c8] has better winning chances.} d4 32. Rxc8 Rxc8 33. Qb5) 31... d4 {Black wants to play ...d3.} 32. Qb5 $1 d3 {[#] White must now prevent ...d2.} 33. Rd7 $1 {[%cal Rd7d8]} Qf6 {aiming for ...d2.} 34. Qxd3 Qxf4 35. h3 Qg5+ 36. Kh1 {[%mdl 1024] White has strong compensation.} Qf4 {[#]} (36... Rc1+ $16 37. Rxc1 Qxc1+ 38. Kg2 Qg5+ 39. Kf1 Qc1+ 40. Ke2 Re8) 37. Qe3 $1 {[%cal Re3f4]} Qa4 38. Rbb7 {Hoping for Qf3.} Rf8 $2 (38... Qc6+ 39. Kh2 Rf8) 39. Qf3 {[%cal Rd7f7]} Qa1+ 40. Kg2 {[%cal Rd7f7]} Qf6 41. Qxf6 gxf6 {[%mdl 4096] Endgame KRR-KRR} 42. Rd4 f5 43. Rxh4 Kg7 44. Rd4 Kf6 45. f4 Rg8+ $2 (45... Kg6 {was necessary.} 46. Kg3 Rg8) 46. Kf2 Rac8 {intending ...Rc2+.} 47. Rdd7 Rgf8 $2 (47... Rc2+ 48. Kf3 Rc3+ 49. Ke2 Ra3 50. Rxf7+ Kg6) 48. Ke3 Rc3+ $2 (48... Kg7 49. Kd4 Kg6) 49. Rd3 {White is clearly winning.} Rcc8 50. Rdb3 {Strongly threatening Rb8.} Ra8 51. Rb8 Kg7 52. Rxf8 {Precision: White = 77%, Black = 25%.} 1-0

[Event "12th Agzamov Memorial 2018"]
[Site "Tashkent"]
[Date "2018.04.30"]
[Round "9"]
[White "Vokhidov, Shamsiddin"]
[Black "Kabilov, Amin"]
[Result "1-0"]
[WhiteElo "2414"]
[BlackElo "2179"]
[Annotator "TA"]
[PlyCount "97"]
[EventDate "2018.??.??"]
[EventType "swiss"]
[EventCountry "UZB"]
[SourceTitle "playchess.com"]
[Source "ChessBase"]
[SourceQuality "1"]

{[%evp 17,97,55,52,60,43,54,62,62,48,43,57,22,33,11,24,26,60,56,54,64,56,54,56,53,123,135,135,131,178,178,383,372,488,476,465,466,462,464,556,505,487,477,562,243,585,499,502,480,506,496,509,482,490,490,489,489,489,486,466,477,452,455,508,504,558,583,583,581,1001,820,1338,1289,29947,29950,12848,12843,29954,12828,12832,6520,29942,12594]} 1. e4 c5 2. Nf3 d6 3. d4 cxd4 4. Nxd4 Nf6 5. Nc3 a6 6. Be2 e5 7. Nb3 Be6 8. f4 exf4 {B92: Sicilian Najdorf: 6 Be2} (8... Nbd7 9. f5 Bxb3 10. axb3 d5 11. exd5 {½-½ (11) Felgaer,R (2580)-Obregon,C (2531) Asuncion 2015}) 9. Bxf4 Nc6 {LiveBook: 27 Games} 10. Qd3 Ne5 {White is slightly better.} 11. Qg3 Be7 12. O-O-O Qc7 13. Nd4 ({And not} 13. Qxg7 Rg8 $17) 13... O-O $146 ({Predecessor:} 13... Rc8 14. Nxe6 fxe6 15. Bxe5 dxe5 16. Qxg7 {1-0 (44) Okara,A (2389)-Petraki,M (2030) Chalkida 2009}) 14. h4 Kh8 15. h5 h6 16. Nd5 $40 {[%mdl 128] White has some attack.} Bxd5 17. Nf5 {[%csl Gf5][%cal Rg3g7] [#]} Rg8 18. exd5 {Black must now prevent Bxe5.} Rac8 {[%csl Gc8][%cal Rc7c2]} 19. c3 {Threatens to win with Bxe5.} Qd7 ({Not} 19... Ne4 $2 20. Qe3 $18) 20. Qh3 Rge8 (20... Rgd8 $14) 21. Bxe5 $16 dxe5 22. Rhf1 Bc5 23. Kb1 Qd8 $2 (23... Ne4) 24. d6 $18 Rc6 25. Qg3 {[%csl Gf5][%cal Rg3g7]} Rg8 26. Qxe5 Nd7 27. Qg3 Qe8 28. Bf3 Rb6 29. Ka1 Ne5 {If Black can now play ...Qb5 this consolidates a bit.} 30. Bd5 (30. b4 $142 Qb5 31. Bd5 Bxd6 32. Nxd6 Rxd6 33. Qxe5) 30... Qb5 $2 (30... Bxd6 {is tougher.} 31. Nxd6 Rxd6) 31. Bb3 Bxd6 32. Rfe1 ({Less strong is} 32. Nxd6 Rxd6 33. Rde1 Rgd8 $14) 32... Bc7 33. Ne7 Re8 34. Nd5 Rc6 35. Nxc7 Rxc7 {[#]} 36. c4 $1 {[%mdl 512]} Rxc4 (36... Nxc4 37. Rxe8+) 37. Rxe5 Qxe5 38. Qxe5 Rxe5 39. Bxc4 Rxh5 40. Bxf7 {[%mdl 4096] Endgame Bg6 would kill now. KRB-KR} Rg5 41. Rd8+ Kh7 42. Bg8+ Kg6 43. Rd6+ Kh5 44. Rd5 Rxd5 45. Bxd5 b6 46. b4 Kh4 47. Kb2 Kg3 48. Kc3 g5 49. a4 {Precision: White = 89%, Black = 37%.} 1-0

[Event "12th Agzamov Memorial 2018"]
[Site "Tashkent"]
[Date "2018.04.30"]
[Round "9"]
[White "Fayzullaev, Akmal"]
[Black "Nigmatov, Ortik"]
[Result "0-1"]
[WhiteElo "2382"]
[BlackElo "2438"]
[Annotator "TA"]
[PlyCount "98"]
[EventDate "2018.??.??"]
[EventType "swiss"]
[EventCountry "UZB"]
[SourceTitle "playchess.com"]
[Source "ChessBase"]
[SourceQuality "1"]

{[%evp 27,98,53,52,51,35,30,46,37,41,50,45,49,51,25,35,25,28,27,27,29,27,41,89,63,72,59,87,49,128,54,60,12,22,19,37,34,31,11,29,-12,-8,-89,-65,-85,-73,-66,-77,-61,-52,-54,-8,-8,-8,-8,-8,-8,-8,-10,0,-8,0,0,-9,-31,0,0,-6,-36,-36,-1558,-928,-29990,-29991]} 1. d4 Nf6 2. c4 g6 3. Nc3 Bg7 4. e4 d6 5. f3 O-O 6. Be3 c5 7. Nge2 cxd4 8. Nxd4 Nc6 9. Qd2 Bd7 10. Be2 Nxd4 11. Bxd4 a5 12. O-O Bc6 13. Rfd1 Nd7 14. Be3 a4 {LiveBook: 5 Games. B38: Sicilian: Maroczy Bind with 5...Bg7 and 7...0-0} (14... Nc5 15. b3 Qb6 16. Rab1 Qb4 17. Rdc1 a4 18. Bd1 axb3 19. axb3 Rfc8 20. Kf1 Be5 21. g3 e6 22. Nb5 Qxd2 23. Bxd2 {½-½ (51) Miroshnichenko,E (2646)-Evdokimov,A (2530) Dresden 2007}) 15. Rab1 Nc5 {[#]} 16. Kh1 $146 ({Predecessor:} 16. Rbc1 Qb6 17. Kh1 Rfc8 18. Nd5 Qd8 19. Bg5 Bxd5 20. exd5 Bf6 21. Bxf6 exf6 22. Bf1 f5 23. b4 axb3 24. axb3 b6 25. b4 Nd7 26. Qb2 h5 27. Ra1 Qh4 28. g3 Qg5 29. Qd4 {½-½ (29) Grigore,G (2525)-Pavlovic,M (2505) Neuchatel 1999}) 16... Qb6 {White has an edge.} 17. Rdc1 Be5 18. Nd5 Qd8 19. Bg5 Re8 20. Rd1 f6 21. Be3 {aiming for f4.} e6 22. Nb4 f5 {White should prevent ...Qh4.} 23. Bg5 Qc7 24. exf5 gxf5 25. Bf1 Qg7 26. Bf4 Rad8 27. Bxe5 Qxe5 (27... dxe5 $14 28. Qxd8 Rxd8 29. Rxd8+ Kf7) 28. Re1 (28. b3 $16) 28... Qf6 29. Rbd1 e5 30. Nd5 Bxd5 31. Qxd5+ Kh8 32. Re3 Qg5 33. Rde1 Re6 34. b4 (34. R3e2 $11) 34... axb3 $1 $17 35. axb3 {[#] Hoping for b4.} Rh6 {Threatens to win with ...Qg3.} 36. Rxe5 dxe5 37. Qxe5+ Kg8 38. Qxc5 Rxh2+ (38... Qg3 $5 39. Qe5 Qxe5 40. Rxe5 Rb6 $15) 39. Kxh2 Qh4+ 40. Kg1 Qxe1 41. Qxf5 $11 {[%mdl 4096] Endgame KQR-KQB} Qe3+ 42. Kh2 Qh6+ 43. Kg1 Qg6 44. Qa5 Qf6 45. Qh5 Rd4 {[%mdl 1024] Black has compensation.} 46. c5 Kg7 47. Qe8 Qg5 48. Bc4 $2 {[%mdl 8192] [#]} (48. Be2 $15) 48... Rd1+ $19 49. Kf2 Qh4+ {Precision: White = 37%, Black = 48%.} 0-1